Normal view
MARC view
Entry Topical Term
001 - CONTROL NUMBER
- control field: 41097
003 - CONTROL NUMBER IDENTIFIER
- control field: ARRUPE
005 - DATE AND TIME OF LATEST TRANSACTION
- control field: 20180327095131.0
008 - FIXED-LENGTH DATA ELEMENTS
- fixed length control field: 180327|| aca||aabn | a|a d
040 ## - CATALOGING SOURCE
- Original cataloging agency: ARRUPE
- Transcribing agency: ARRUPE
150 ## - HEADING--TOPICAL TERM
- Topical term or geographic name as entry element: Storytelling in literature.
670 ## - SOURCE DATA FOUND
- Source citation: Work cat.: (ARRUPE)0: Owen, Charles A. (Charles Abraham), 1914- ed. 41093, Discussions of the Canterbury tales., [1961]